[Event "12th Goodricke Open"]
[Site "Calcutta IND"]
[Date "2001.02.08"]
[EventDate "?"]
[Round "3"]
[Result "1/2-1/2"]
[White "Roy Shankar"]
[Black "Abhijeet Gupta"]
[WhiteElo "2323"]
[BlackElo "2130"]
[PlyCount "118"]

1. e4 c5 2. c3 d5 3. exd5 Qxd5 4. Nf3 Nf6 5. d4 Bg4 6. Nbd2
Nc6 7. Bc4 Bxf3 8. Qb3 Na5 9. Qb5+ Qd7 10. Nxf3 Nxc4 11. Qxc4
cxd4 12. Nxd4 Rc8 13. Qe2 e6 14. Bg5 Be7 15. O-O O-O 16. Rfe1
h6 17. Bh4 Nd5 18. Bxe7 Qxe7 19. Qe5 Qc7 20. Qh5 Rfd8 21. Rad1
Nf6 22. Qh3 Rd5 23. Rd3 Rcd8 24. Rde3 Rh5 25. Qg3 Qxg3
26. hxg3 Rhd5 27. f3 b5 28. a3 R8d6 29. Re5 a6 30. Kf2 Kf8
31. g4 Rxe5 32. Rxe5 Nd7 33. Re2 g6 34. f4 Nc5 35. Kf3 Rd5
36. g3 h5 37. gxh5 Rxh5 38. Rc2 Rd5 39. Ke3 e5 40. fxe5 Rxe5+
41. Kf3 Rd5 42. Rh2 Ke7 43. Rh8 Na4 44. Ke4 Rd6 45. Rh2 Nc5+
46. Ke3 f5 47. Rh7+ Kf6 48. Rc7 Ne6 49. Rc8 g5 50. Rh8 Ke5
51. Nf3+ Kd5 52. Rh5 Kc4 53. Rh6 f4+ 54. gxf4 gxf4+ 55. Kf2
Nc5 56. Rxd6 Ne4+ 57. Ke2 Nxd6 58. Nd2+ Kd5 59. b3 Ne4 1/2-1/2

[Event "6th Dubai Open"]
[Site "Dubai UAE"]
[Date "2004.04.21"]
[EventDate "2004.04.19"]
[Round "3"]
[Result "1-0"]
[White "Abhijeet Gupta"]
[Black "Manthan J Chokshi"]
[WhiteElo "2413"]
[BlackElo "2223"]
[PlyCount "73"]

1. d4 Nf6 2. c4 e6 3. Nc3 d5 4. Bg5 Be7 5. e3 O-O 6. Nf3 Nbd7
7. Bd3 b6 8. cxd5 exd5 9. O-O Bb7 10. Rc1 Re8 11. h3 a6
12. Bb1 Rc8 13. Ne5 Nxe5 14. dxe5 Ne4 15. Bf4 c5 16. Qc2 g6
17. Bh2 Nxc3 18. bxc3 c4 19. f4 Bc5 20. Rce1 f5 21. g4 d4
22. exd4 Qd5 23. Re3 fxg4 24. Qe4 Qd7 25. e6 Qe7 26. Qc2 Bd6
27. hxg4 Qh4 28. Qe2 Bd5 29. f5 Be7 30. Be4 Red8 31. Bxd5 Rxd5
32. Qg2 Rcd8 33. Bc7 Qg5 34. Bf4 Qf6 35. Bc7 Qg5 36. Rg3 Rc8
37. Bf4 1-0

[Event "6th Dubai Open"]
[Site "Dubai UAE"]
[Date "2004.04.22"]
[EventDate "2004.04.19"]
[Round "4"]
[Result "1-0"]
[White "Alexander Goloshchapov"]
[Black "Abhijeet Gupta"]
[WhiteElo "2569"]
[BlackElo "2413"]
[PlyCount "61"]

1. e4 c5 2. c3 d5 3. exd5 Qxd5 4. d4 Nf6 5. Nf3 Bg4 6. dxc5
Qxc5 7. Na3 a6 8. Be3 Qc8 9. h3 Bxf3 10. Qxf3 Nbd7 11. Nc4 b5
12. Nb6 Nxb6 13. Bxb6 e5 14. g4 Rb8 15. Ba7 Rb7 16. Be3 Rd7
17. Bg2 Nd5 18. O-O-O Nxe3 19. Rxd7 Qxd7 20. Qa8+ Ke7 21. fxe3
g6 22. Bc6 Qc7 23. Rd1 Bg7 24. Qxa6 Rd8 25. Qxb5 Bh6 26. Qc5+
Kf6 27. Rxd8 Qxd8 28. Kc2 Bf8 29. Qd5 Qb6 30. Be8 Qc7 31. Qc6+
1-0

[Event "6th Dubai Open"]
[Site "Dubai UAE"]
[Date "2004.04.23"]
[EventDate "2004.04.19"]
[Round "5"]
[Result "1/2-1/2"]
[White "Abhijeet Gupta"]
[Black "Martin Poulsen"]
[WhiteElo "2413"]
[BlackElo "2290"]
[PlyCount "32"]

1. d4 f5 2. c4 e6 3. Nf3 Nf6 4. g3 d5 5. Bg2 c6 6. O-O Bd6
7. b3 Qe7 8. Ne5 O-O 9. Nd2 b6 10. cxd5 cxd5 11. Ndf3 Bb7
12. Bf4 Nbd7 13. Nxd7 Nxd7 14. Bxd6 Qxd6 15. Qc1 Rac8 16. Qb2
Rc6 1/2-1/2

[Event "6th Dubai Open"]
[Site "Dubai UAE"]
[Date "2004.04.28"]
[EventDate "2004.04.19"]
[Round "9"]
[Result "1/2-1/2"]
[White "Abhijeet Gupta"]
[Black "Surya Shekhar Ganguly"]
[WhiteElo "2413"]
[BlackElo "2582"]
[PlyCount "22"]

1. d4 Nf6 2. c4 g6 3. Nc3 d5 4. Nf3 Bg7 5. Bg5 Ne4 6. Bh4 Nxc3
7. bxc3 dxc4 8. Qa4+ Qd7 9. Qxc4 b6 10. Bg3 Nc6 11. e3 Bb7
1/2-1/2

[Event "XXIV Andorra Open"]
[Site "Andorra la Vella AND"]
[Date "2006.07.09"]
[EventDate "2006.07.08"]
[Round "2"]
[Result "1/2-1/2"]
[White "Abhijeet Gupta"]
[Black "Kevin Spraggett"]
[WhiteElo "2424"]
[BlackElo "2577"]
[PlyCount "48"]

1. d4 Nf6 2. c4 e6 3. Nc3 Bb4 4. Qc2 c5 5. dxc5 O-O 6. a3 Bxc5
7. Nf3 b6 8. Bf4 Nh5 9. Bg5 Be7 10. h4 Bb7 11. O-O-O Bxf3
12. gxf3 f5 13. f4 Nc6 14. Qd2 Nf6 15. Bxf6 Bxf6 16. Qxd7 Qxd7
17. Rxd7 Bxc3 18. bxc3 Na5 19. Kc2 Rf7 20. Rxf7 Kxf7 21. c5
bxc5 22. e3 Rb8 23. Be2 Rb3 24. a4 Rb6 1/2-1/2

[Event "XXIV Andorra Open"]
[Site "Andorra la Vella AND"]
[Date "2006.07.14"]
[EventDate "2006.07.08"]
[Round "7"]
[Result "1/2-1/2"]
[White "Branko Damljanovic"]
[Black "Abhijeet Gupta"]
[WhiteElo "2625"]
[BlackElo "2424"]
[PlyCount "80"]

1. c4 Nf6 2. Nc3 e5 3. g3 Bb4 4. Bg2 O-O 5. Nf3 Nc6 6. O-O
Bxc3 7. dxc3 d6 8. Bg5 h6 9. Bxf6 Qxf6 10. Ne1 Be6 11. b3 Qe7
12. e4 Qd7 13. Nc2 Bh3 14. Bxh3 Qxh3 15. Qd5 Qe6 16. Ne3 Qxd5
17. Nxd5 Rac8 18. b4 Rfe8 19. Rfd1 Ne7 20. Ne3 f6 21. a4 Kf7
22. a5 Ke6 23. Kg2 Rf8 24. Rd2 f5 25. exf5+ Nxf5 26. Nc2 Rf7
27. a6 b6 28. Re1 g5 29. Nd4+ Nxd4 30. cxd4 Rf5 31. h3 Rcf8
32. Re3 R8f6 33. d5+ Ke7 34. Rc3 Rf7 35. Rdc2 R5f6 36. c5 dxc5
37. bxc5 bxc5 38. Rxc5 Rxa6 39. Rxc7+ Kf6 40. Rxf7+ Kxf7
1/2-1/2

[Event "XXIV Andorra Open"]
[Site "Andorra la Vella AND"]
[Date "2006.07.15"]
[EventDate "2006.07.08"]
[Round "8"]
[Result "1/2-1/2"]
[White "Abhijeet Gupta"]
[Black "Diego Flores"]
[WhiteElo "2424"]
[BlackElo "2514"]
[PlyCount "163"]

1. d4 g6 2. c4 Bg7 3. e4 d6 4. Nc3 Nf6 5. f3 O-O 6. Be3 Nbd7
7. Qd2 c5 8. Nge2 a6 9. Bh6 Bxh6 10. Qxh6 b5 11. h4 b4 12. Nd5
e6 13. Ne3 Qa5 14. b3 cxd4 15. Nxd4 Bb7 16. Qg5 Qe5 17. O-O-O
Nc5 18. g4 a5 19. Kb2 Nfxe4 20. fxe4 Nxe4 21. Qxe5 dxe5
22. Nf3 Nf2 23. Bg2 Bxf3 24. Bxf3 e4 25. Be2 f5 26. gxf5 exf5
27. Nd5 f4 28. c5 Rae8 29. c6 e3 30. c7 Nxd1+ 31. Rxd1 f3
32. Nf6+ Rxf6 33. Rd8 fxe2 34. Rxe8+ Kg7 35. Rxe3 Rc6 36. Rxe2
Rxc7 37. a3 bxa3+ 38. Kxa3 Rc5 39. Re7+ Kh6 40. Ka4 Rf5
41. Rd7 Rf4+ 42. Kxa5 Rxh4 43. b4 Rh1 44. b5 Ra1+ 45. Kb4 g5
46. b6 Rb1+ 47. Kc5 g4 48. b7 g3 49. Rd3 Rxb7 50. Rxg3 Rd7
51. Rg1 Kh5 52. Rh1+ Kg4 53. Rg1+ Kf3 54. Rh1 Kg2 55. Rh6 Kg3
56. Rh1 Kg2 57. Rh6 Kg3 58. Rh1 Kg4 59. Rg1+ Kf5 60. Rf1+ Kg6
61. Rg1+ Kf7 62. Rf1+ Kg8 63. Rg1+ Kf8 64. Rh1 Rd8 65. Kc4 Kg7
66. Rg1+ Kf6 67. Rh1 Kg7 68. Rg1+ Kh8 69. Rh1 Rd6 70. Kc5 Rg6
71. Kd4 Kg7 72. Ke4 h6 73. Kf3 Rg5 74. Rh3 Kg6 75. Rh2 Ra5
76. Kg4 h5+ 77. Kh4 Ra4+ 78. Kh3 Ra3+ 79. Kh4 Ra4+ 80. Kh3 Kg5
81. Rg2+ Rg4 82. Rd2 1/2-1/2

[Event "XXIV Andorra Open"]
[Site "Andorra la Vella AND"]
[Date "2006.07.16"]
[EventDate "2006.07.08"]
[Round "9"]
[Result "0-1"]
[White "Sasha Kaplan"]
[Black "Abhijeet Gupta"]
[WhiteElo "2345"]
[BlackElo "2424"]
[PlyCount "84"]

1. e4 c5 2. c3 d5 3. exd5 Qxd5 4. d4 Nf6 5. Nf3 Bg4 6. dxc5
Qxd1+ 7. Kxd1 Nc6 8. Be3 Nd5 9. Kc1 g6 10. Bb5 Nxe3 11. fxe3
Bh6 12. Re1 Bxf3 13. gxf3 O-O-O 14. Bxc6 bxc6 15. Nd2 Rd5
16. Nb3 Re5 17. Kc2 Rxe3 18. Rxe3 Bxe3 19. Re1 Bg5 20. Re4 Rd8
21. Ra4 Rd7 22. Na5 Rc7 23. Rg4 Be3 24. b4 g5 25. Kd3 Bf4
26. Kc4 e5 27. h3 f5 28. Rg1 h5 29. a4 a6 30. Kb3 e4 31. fxe4
fxe4 32. Kc2 h4 33. Re1 e3 34. Nc4 g4 35. hxg4 h3 36. Kd3 h2
37. Ke2 Rg7 38. Kf3 e2 39. Kxf4 Rf7+ 40. Kg3 Rf1 41. Nb6+ Kc7
42. Na8+ Kb7 0-1

[Event "II Sort Open"]
[Site "Sort ESP"]
[Date "2006.07.02"]
[EventDate "2006.06.26"]
[Round "7"]
[Result "1/2-1/2"]
[White "Mathias Roeder"]
[Black "Abhijeet Gupta"]
[WhiteElo "2403"]
[BlackElo "2449"]
[PlyCount "46"]

1. Nf3 Nf6 2. c4 c5 3. g3 d5 4. cxd5 Nxd5 5. Bg2 Nc6 6. d4
cxd4 7. Nxd4 Ndb4 8. Nxc6 Qxd1+ 9. Kxd1 Nxc6 10. Bxc6+ bxc6
11. Be3 g6 12. Nd2 Bg7 13. Nc4 O-O 14. Rc1 Be6 15. b3 a5
16. Nb6 Rfd8+ 17. Ke1 Rab8 18. Na4 Bd4 19. Bxd4 Rxd4 20. f3
Rbd8 21. Kf2 Rd2 22. Nc3 Rb2 23. Ke3 c5 1/2-1/2

[Event "1st ONGC Cup"]
[Site "Hyderabad IND"]
[Date "2006.02.26"]
[EventDate "2006.02.25"]
[Round "2"]
[Result "1-0"]
[White "Abhijeet Gupta"]
[Black "Bhat Ganesh"]
[WhiteElo "2434"]
[BlackElo "2171"]
[PlyCount "45"]

1. d4 e6 2. c4 d5 3. Nc3 Nf6 4. Bg5 Be7 5. e3 b6 6. cxd5 Nxd5
7. Bxe7 Qxe7 8. Nxd5 exd5 9. Bd3 O-O 10. Rc1 Ba6 11. Nf3 Bxd3
12. Qxd3 Rd8 13. Qc2 Na6 14. Qa4 Nb4 15. Ke2 a5 16. a3 Na6
17. Qc6 Rac8 18. Rc2 Nb8 19. Qb7 f6 20. Rhc1 Qe6 21. Rxc7 Rxc7
22. Rxc7 Nd7 23. Rc6 1-0

[Event "World Junior Championship"]
[Site "Yerevan ARM"]
[Date "2007.10.08"]
[EventDate "2007.10.03"]
[Round "6"]
[Result "0-1"]
[White "Nino Vlashki"]
[Black "Abhijeet Gupta"]
[WhiteElo "2077"]
[BlackElo "2470"]
[PlyCount "120"]

1. e4 c5 2. Nf3 d6 3. Bb5+ Nd7 4. c3 Ngf6 5. Qe2 a6 6. Ba4 b5
7. Bc2 Bb7 8. O-O e6 9. d4 Be7 10. Nbd2 Rc8 11. Bd3 Qb6 12. b3
O-O 13. Re1 Rfd8 14. Bb2 Bf8 15. a4 cxd4 16. cxd4 g6 17. axb5
axb5 18. Qf1 Bc6 19. Rec1 Bh6 20. Bc3 Ra8 21. Qe2 Qb7 22. Bb4
Nb8 23. Rxa8 Qxa8 24. Bc3 Nxe4 25. Nxe4 Bxc1 26. Nf6+ Kf8
27. Nxh7+ Ke7 28. d5 Bxd5 29. Bf6+ Kd7 30. Bxb5+ Nc6 31. Bxd8
Kxd8 32. Qd1 Bb2 33. h4 Qa1 34. Qxa1 Bxa1 35. Nhg5 Ke7 36. Bc4
Bxc4 37. bxc4 f5 38. Kf1 Na5 39. Nd2 Bc3 40. Ke2 Bxd2 41. Kxd2
Nxc4+ 42. Ke2 e5 43. g3 d5 44. f3 Nd6 45. Kd3 Nf7 46. Nh3 Ke6
47. Nf2 Nd8 48. Nh3 Nf7 49. Nf2 Kd6 50. Ke3 Nd8 51. Nd3 Nc6
52. g4 Nd4 53. Ne1 f4+ 54. Kd2 Ke6 55. Kc3 Kf6 56. Kd2 e4
57. fxe4 dxe4 58. Ng2 g5 59. h5 Nf3+ 60. Kc3 Nh4 0-1

[Event "Balaguer op 12th"]
[Site "Balaguer"]
[Date "2007.07.23"]
[EventDate "?"]
[Round "8"]
[Result "1/2-1/2"]
[White "Abhijeet Gupta"]
[Black "Bernd Kohlweyer"]
[WhiteElo "2472"]
[BlackElo "2405"]
[PlyCount "94"]

1. d4 d5 2. c4 c6 3. Nf3 Nf6 4. Nc3 e6 5. Bg5 dxc4 6. e4 b5
7. e5 h6 8. Bh4 g5 9. Nxg5 hxg5 10. Bxg5 Nbd7 11. exf6 Bb7
12. g3 c5 13. d5 Bh6 14. Bxh6 Rxh6 15. Qd2 Qxf6 16. Ne4 Qf3
17. Nd6+ Ke7 18. Nxb7 Rh5 19. Rg1 Rxd5 20. Bg2 Rxd2 21. Bxf3
Rxb2 22. O-O-O Rxa2 23. Kb1 Ra3 24. Rxd7+ Kxd7 25. Nxc5+ Kd6
26. Bxa8 Kxc5 27. h4 b4 28. h5 Rb3+ 29. Kc1 Rc3+ 30. Kb1 Rb3+
31. Kc1 Rc3+ 32. Kd2 Rd3+ 33. Ke2 Rd8 34. Be4 a5 35. Ra1 Kb5
36. Rd1 Rh8 37. g4 b3 38. Rd7 f5 39. Rb7+ Kc5 40. gxf5 exf5
41. Bxf5 Rxh5 42. Bg6 Rh4 43. Kd2 a4 44. Ra7 Kb4 45. Rb7+ Kc5
46. Ra7 Kb4 47. Rb7+ Kc5 1/2-1/2

[Event "ch-IND National A"]
[Site "Mumbai IND"]
[Date "2009.12.02"]
[EventDate "2009.12.01"]
[Round "2"]
[Result "1/2-1/2"]
[White "Sharma Himanshu"]
[Black "Abhijeet Gupta"]
[WhiteElo "2469"]
[BlackElo "2578"]
[PlyCount "141"]

1. e4 c5 2. Nc3 d6 3. g3 Nc6 4. Bg2 g6 5. d3 Bg7 6. f4 e6
7. Nf3 Nge7 8. O-O O-O 9. Be3 b6 10. Bf2 Ba6 11. Qd2 Qd7
12. Kh1 Rae8 13. Nh4 f5 14. exf5 Nxf5 15. Nxf5 gxf5 16. Rae1
Bb7 17. Nd1 Ne7 18. Bg1 Nd5 19. c4 Nb4 20. a3 Nc6 21. Nc3 h5
22. Qd1 Nd4 23. Bxd4 cxd4 24. Nb1 h4 25. gxh4 Rf6 26. Bxb7
Qxb7+ 27. Qf3 Qxf3+ 28. Rxf3 Kf7 29. Nd2 Rh8 30. Rf2 Rfh6
31. Rfe2 Bf6 32. Nf3 Bxh4 33. Rg1 Bf6 34. Rg3 Re8 35. Rg1 Ke7
36. b4 Kd7 37. a4 Rh3 38. Rg3 Rh6 39. Rg1 a6 40. Ra1 e5
41. fxe5 dxe5 42. Rae1 Reh8 43. Kg1 Rg8+ 44. Kf1 Kc7 45. Nxe5
Rh3 46. c5 bxc5 47. Rc1 f4 48. Rxc5+ Kb7 49. Rf2 Re3 50. Nc4
Bh4 51. Nxe3 Bxf2 52. Nd5 Be3 53. Rc7+ Kb8 54. Rf7 Rg1+
55. Ke2 Rg2+ 56. Kf3 Rxh2 57. Nxf4 Rb2 58. Rf6 Bxf4 59. Kxf4
Kb7 60. b5 axb5 61. axb5 Rxb5 62. Ke4 Rb4 63. Kd5 Kc7 64. Rf7+
Kd8 65. Ra7 Rb6 66. Kxd4 Rb5 67. Kc4 Rh5 68. d4 Rg5 69. d5 Rg6
70. Kc5 Rh6 71. Rg7 1/2-1/2

[Event "ch-IND National A"]
[Site "Mumbai IND"]
[Date "2009.12.03"]
[EventDate "2009.12.01"]
[Round "3"]
[Result "1-0"]
[White "Abhijeet Gupta"]
[Black "M S Thejkumar"]
[WhiteElo "2578"]
[BlackElo "2453"]
[PlyCount "47"]

1. d4 Nf6 2. c4 e5 3. dxe5 Ne4 4. Nd2 Nc5 5. Ngf3 Nc6 6. g3 d6
7. exd6 Qxd6 8. Bg2 Bf5 9. O-O O-O-O 10. a3 Qf6 11. Qe1 Re8
12. e4 Nxe4 13. Nxe4 Rxe4 14. Be3 Re8 15. b4 Bd6 16. b5 Ne5
17. Nxe5 Qxe5 18. Rd1 Be4 19. Bxe4 Qxe4 20. c5 Be7 21. b6 a6
22. c6 bxc6 23. Qa5 Qc4 24. Qf5+ 1-0

[Event "ch-IND National A"]
[Site "Mumbai IND"]
[Date "2009.12.04"]
[EventDate "2009.12.01"]
[Round "4"]
[Result "1/2-1/2"]
[White "Tejas Bakre"]
[Black "Abhijeet Gupta"]
[WhiteElo "2474"]
[BlackElo "2578"]
[PlyCount "60"]

1. Nf3 Nf6 2. c4 g6 3. Nc3 d5 4. cxd5 Nxd5 5. Qa4+ Bd7 6. Qh4
Nxc3 7. dxc3 Nc6 8. e4 e5 9. Bg5 Be7 10. Bc4 h5 11. Bxe7 Qxe7
12. O-O-O Qxh4 13. Nxh4 Rd8 14. Rd2 Bg4 15. Bd5 g5 16. Nf3
Bxf3 17. Bxc6+ bxc6 18. Rxd8+ Kxd8 19. gxf3 Ke7 20. Kd2 Rb8
21. b3 Rd8+ 22. Ke2 f6 23. Ke3 Ke6 24. Rg1 c5 25. Ke2 Rd6
26. Rd1 Ra6 27. Rd2 f5 28. Kd3 Rd6+ 29. Ke2 Ra6 30. Kd3 Rd6+
1/2-1/2

[Event "ch-IND National A"]
[Site "Mumbai IND"]
[Date "2009.12.06"]
[EventDate "2009.12.01"]
[Round "6"]
[Result "1-0"]
[White "Sethuraman P Sethuraman"]
[Black "Abhijeet Gupta"]
[WhiteElo "2447"]
[BlackElo "2578"]
[PlyCount "89"]

1. d4 Nf6 2. c4 g6 3. Nc3 d5 4. Bf4 Bg7 5. e3 c5 6. dxc5 Qa5
7. Rc1 dxc4 8. Bxc4 O-O 9. Nf3 Qxc5 10. Bb3 Qa5 11. O-O Na6
12. Bc4 Nc5 13. Nd4 Bg4 14. f3 Bd7 15. a3 Qb6 16. b4 Ne6
17. Nxe6 Bxe6 18. Na4 Qc6 19. Qb3 Bxc4 20. Rxc4 Qe8 21. Rc7
Qb5 22. Nc3 Qb6 23. Rxe7 Rae8 24. Na4 Qb5 25. Rc7 Rc8 26. Nc3
Qb6 27. Rxc8 Rxc8 28. Rd1 h6 29. Rd6 Rc6 30. Rd3 Re6 31. Na4
Qb5 32. Nc5 Re8 33. a4 Qc6 34. Rd6 Qc8 35. a5 Re7 36. Qd3 Kh7
37. Rd8 Qc6 38. Bd6 Re8 39. b5 Rxd8 40. bxc6 bxc6 41. Nb7 Re8
42. e4 Nh5 43. Qc4 Re6 44. g3 Nf6 45. Qxc6 1-0

[Event "ch-IND National A"]
[Site "Mumbai IND"]
[Date "2009.12.07"]
[EventDate "2009.12.01"]
[Round "7"]
[Result "1-0"]
[White "Abhijeet Gupta"]
[Black "Upadhyaya Anwesh"]
[WhiteElo "2578"]
[BlackElo "2406"]
[PlyCount "89"]

1. d4 d5 2. c4 c6 3. Nc3 Nf6 4. Nf3 e6 5. g3 Nbd7 6. Bg2 dxc4
7. O-O Be7 8. a4 O-O 9. e4 e5 10. d5 Qc7 11. Qe2 cxd5 12. exd5
Rd8 13. Rd1 a6 14. Bg5 h6 15. Bxf6 Nxf6 16. Nxe5 Bc5 17. Nxc4
Bg4 18. Bf3 Bxf3 19. Qxf3 Bxf2+ 20. Qxf2 Qxc4 21. Rd4 Qc5
22. Rad1 Rd6 23. Kg2 Rad8 24. Qf3 Rb6 25. Qf2 Rb4 26. R1d2
Rxd4 27. Qxd4 Qxd4 28. Rxd4 Kf8 29. Kf3 Ke7 30. Rb4 Rd7
31. Ke3 Kd8 32. Kd4 Kc7 33. a5 Re7 34. d6+ Kxd6 35. Rb6+ Kc7
36. Rxf6 gxf6 37. Nd5+ Kd6 38. Nxe7 Kxe7 39. Kc5 Kd7 40. Kb6
Kc8 41. g4 Kb8 42. h4 f5 43. g5 h5 44. Kc5 f4 45. Kd4 1-0

[Event "ch-IND National A"]
[Site "Mumbai IND"]
[Date "2009.12.09"]
[EventDate "2009.12.01"]
[Round "8"]
[Result "1/2-1/2"]
[White "Kannappan Priyadharshan"]
[Black "Abhijeet Gupta"]
[WhiteElo "2343"]
[BlackElo "2578"]
[PlyCount "33"]

1. e4 c5 2. Nf3 d6 3. d4 cxd4 4. Nxd4 Nf6 5. Nc3 Nc6 6. h3 e6
7. g4 Be7 8. Bg2 Nd7 9. Be3 O-O 10. Qe2 Nxd4 11. Bxd4 a6
12. O-O-O Qc7 13. f4 Rb8 14. Ba7 Ra8 15. Bd4 Rb8 16. Ba7 Ra8
17. Bd4 1/2-1/2

[Event "ch-IND National A"]
[Site "Mumbai IND"]
[Date "2009.12.11"]
[EventDate "2009.12.01"]
[Round "10"]
[Result "0-1"]
[White "Neelotpal Das"]
[Black "Abhijeet Gupta"]
[WhiteElo "2440"]
[BlackElo "2578"]
[PlyCount "88"]

1. Nf3 Nf6 2. c4 g6 3. Nc3 d5 4. cxd5 Nxd5 5. Qa4+ Bd7 6. Qh4
Bc6 7. Qd4 Rg8 8. e4 Bg7 9. Qd3 Nxc3 10. dxc3 Qxd3 11. Bxd3
Nd7 12. Be3 Nf6 13. Nd2 Ng4 14. Bf4 O-O-O 15. Bc4 e6 16. Be2
Ne5 17. O-O-O Nd3+ 18. Bxd3 Rxd3 19. Kc2 Rgd8 20. f3 e5
21. Bg3 Bb5 22. Bh4 R8d7 23. Nb1 Bh6 24. Bf2 f5 25. b3 fxe4
26. fxe4 Rf7 27. Bc5 Rxd1 28. Rxd1 b6 29. Bg1 Bf1 30. g3 Bg2
31. Re1 Rd7 32. c4 Bg5 33. Kc3 a5 34. a3 h5 35. h4 Bh6 36. Be3
Bf8 37. c5 Bxe4 38. cxb6 Bf5 39. bxc7 Rxc7+ 40. Kd2 Rc2+
41. Kd1 Rb2 42. Nd2 Bxa3 43. Bg5 Bg4+ 44. Kc1 Rxd2+ 0-1

[Event "ch-IND National A"]
[Site "Mumbai IND"]
[Date "2009.12.12"]
[EventDate "2009.12.01"]
[Round "11"]
[Result "1/2-1/2"]
[White "Abhijeet Gupta"]
[Black "Kidambi Sundararajan"]
[WhiteElo "2578"]
[BlackElo "2516"]
[PlyCount "49"]

1. d4 d5 2. c4 c6 3. Nc3 Nf6 4. Nf3 e6 5. g3 Nbd7 6. Bg2 dxc4
7. O-O Be7 8. e4 O-O 9. Bf4 Re8 10. Re1 Nf8 11. a4 a5 12. Qe2
Ng6 13. Bg5 e5 14. d5 cxd5 15. exd5 Nxd5 16. Nxd5 Qxd5
17. Bxe7 Rxe7 18. Rad1 Qe6 19. Ng5 Qb6 20. Bd5 h6 21. Nxf7
Rxf7 22. Qxc4 Be6 23. Bxe6 Qxf2+ 24. Kh1 Qf3+ 25. Kg1 1/2-1/2

[Event "ch-IND National A"]
[Site "Mumbai IND"]
[Date "2009.12.14"]
[EventDate "2009.12.01"]
[Round "13"]
[Result "1/2-1/2"]
[White "Praveen Mahadeo Thipsay"]
[Black "Abhijeet Gupta"]
[WhiteElo "2466"]
[BlackElo "2578"]
[PlyCount "69"]

1. e4 e5 2. Nf3 Nc6 3. Bb5 a6 4. Ba4 Nf6 5. O-O Bc5 6. d3 b5
7. Bb3 d6 8. c3 O-O 9. a4 Bg4 10. h3 Bxf3 11. Qxf3 Na5 12. Ba2
b4 13. Nd2 c6 14. Nb3 Nxb3 15. Bxb3 Rb8 16. Bc4 d5 17. exd5
bxc3 18. bxc3 cxd5 19. Ba2 e4 20. Qe2 d4 21. Bf4 exd3 22. Qxd3
dxc3 23. Qxc3 Bd4 24. Qa3 Bb2 25. Qd6 Bxa1 26. Qxb8 Qxb8
27. Bxb8 Bd4 28. Bf4 Ne4 29. Be3 Bxe3 30. fxe3 Nc3 31. Bb3 g6
32. Rf6 Ne4 33. Rxa6 Nc5 34. Rb6 Ra8 35. Rb4 1/2-1/2

[Event "Corus Group C"]
[Site "Wijk aan Zee NED"]
[Date "2010.01.23"]
[EventDate "2010.01.16"]
[Round "7"]
[Result "0-1"]
[White "Sjoerd Plukkel"]
[Black "Abhijeet Gupta"]
[WhiteElo "2279"]
[BlackElo "2577"]
[PlyCount "104"]

1. e4 c5 2. Nf3 d6 3. Nc3 Nf6 4. e5 dxe5 5. Nxe5 a6 6. g3 Qc7
7. d4 e6 8. Bf4 Bd6 9. Bg2 O-O 10. O-O Nc6 11. Nxc6 Bxf4
12. gxf4 bxc6 13. dxc5 Qxf4 14. Qf3 Qg5 15. b4 Nd5 16. Ne4 Qh6
17. Nd6 Bd7 18. a3 f5 19. Rfe1 Rf6 20. Qh3 Qd2 21. c4 Nf4
22. Qe3 Qxe3 23. fxe3 Nxg2 24. Kxg2 e5 25. a4 Rg6+ 26. Kf2 Rh6
27. Kg1 Rf8 28. b5 f4 29. exf4 exf4 30. Ra2 Rg6+ 31. Kf2 f3
32. Rg1 Rh6 33. Rh1 cxb5 34. axb5 axb5 35. cxb5 Bh3 36. Rg1
Be6 37. Ra7 Rxh2+ 38. Ke3 f2 39. Rf1 Bh3 40. Raa1 Bxf1
41. Rxf1 Rh3+ 42. Ke2 Rh5 43. Rxf2 Re5+ 44. Kf1 Rxc5 45. b6
Rc1+ 46. Kg2 Rb1 47. b7 Rxf2+ 48. Kxf2 Kf8 49. Ke3 Ke7
50. Nf5+ Kf6 51. Nd6 Ke6 52. Ne4 Ke5 0-1

[Event "Reykjavik Open"]
[Site "Reykjavik ISL"]
[Date "2010.03.01"]
[EventDate "2010.02.24"]
[Round "7"]
[Result "0-1"]
[White "Eesha Karavade"]
[Black "Abhijeet Gupta"]
[WhiteElo "2405"]
[BlackElo "2577"]
[PlyCount "55"]

1. d4 Nf6 2. c4 g6 3. Nc3 d5 4. cxd5 Nxd5 5. e4 Nxc3 6. bxc3
Bg7 7. Bg5 O-O 8. Nf3 c5 9. Rc1 Bg4 10. d5 Qd6 11. Be2 Nd7
12. O-O Bxf3 13. Bxf3 b5 14. Be2 c4 15. Qc2 Nc5 16. Rfd1 f5
17. exf5 Rxf5 18. Be3 Raf8 19. Bxc5 Qxc5 20. Bf3 Be5 21. Re1
Qd6 22. h3 Qf6 23. Re4 Bc7 24. Re6 Qg5 25. Kf1 Rxf3 26. gxf3
Rxf3 27. Re3 Qxe3 28. Qd1 0-1

[Event "Reykjavik Open"]
[Site "Reykjavik ISL"]
[Date "2011.03.12"]
[EventDate "2011.03.09"]
[Round "4"]
[Result "1-0"]
[White "Abhijeet Gupta"]
[Black "Jon Viktor Gunnarsson"]
[WhiteElo "2580"]
[BlackElo "2428"]
[PlyCount "57"]

1. d4 Nf6 2. c4 c5 3. d5 b5 4. cxb5 a6 5. e3 axb5 6. Bxb5 Qa5+
7. Nc3 Bb7 8. Ne2 Nxd5 9. O-O Nxc3 10. Nxc3 e6 11. e4 Be7
12. Bf4 O-O 13. a4 d6 14. Bxd6 Rd8 15. Bxe7 Rxd1 16. Raxd1 Nc6
17. Bxc5 Qc7 18. b4 Ne5 19. f4 Nc6 20. Rd6 h5 21. Rfd1 h4
22. h3 Rc8 23. e5 Qb8 24. a5 Ne7 25. a6 Bd5 26. Rd7 Nf5 27. a7
Qa8 28. Nxd5 exd5 29. R1xd5 1-0

[Event "Commonwealth and South African Open"]
[Site "Gauteng RSA"]
[Date "2011.06.28"]
[EventDate "2011.06.25"]
[Round "6"]
[Result "1-0"]
[White "Abhijeet Gupta"]
[Black "Providence Oatlhotse"]
[WhiteElo "2604"]
[BlackElo "2251"]
[PlyCount "100"]

1. d4 Nf6 2. c4 c6 3. Nc3 d5 4. Nf3 e6 5. g3 Be7 6. Bg2 O-O
7. O-O Nbd7 8. b3 b6 9. Qd3 Ba6 10. Rd1 Rc8 11. e4 c5 12. exd5
exd5 13. Bb2 Qc7 14. Rac1 dxc4 15. bxc4 cxd4 16. Nb5 Bxb5
17. cxb5 Nc5 18. Qxd4 Rfd8 19. Qe5 Ne8 20. Bh3 Rxd1+ 21. Rxd1
Rd8 22. Re1 Bf8 23. Bf5 f6 24. Bxh7+ Kxh7 25. Qh5+ Kg8
26. Rxe8 Rxe8 27. Qxe8 Qf7 28. Qxf7+ Kxf7 29. Nd4 Nd3 30. Ba1
Nb4 31. a4 Bc5 32. h4 Nd3 33. Kf1 g6 34. Ke2 Ne5 35. Nc6 Ng4
36. Bd4 Bxd4 37. Nxd4 Ne5 38. Nc6 Nd7 39. Kd3 Nc5+ 40. Kd4 a6
41. a5 axb5 42. axb6 Nb7 43. Kd5 f5 44. Ne5+ Kf6 45. Nd7+ Ke7
46. Ne5 Kf6 47. f4 b4 48. Kc4 Ke6 49. Kxb4 Kd5 50. Nxg6 Ke4
1-0

[Event "Commonwealth and South African Open"]
[Site "Ekurhuleni RSA"]
[Date "2011.07.01"]
[EventDate "2011.06.25"]
[Round "9"]
[Result "1/2-1/2"]
[White "Abhijit Kunte"]
[Black "Abhijeet Gupta"]
[WhiteElo "2526"]
[BlackElo "2604"]
[PlyCount "28"]

1. Nf3 Nf6 2. g3 d5 3. Bg2 g6 4. O-O Bg7 5. d4 O-O 6. Nbd2 c6
7. c4 Bf5 8. b3 Ne4 9. Bb2 Qa5 10. Nxe4 Bxe4 11. Qc1 Nd7
12. Rd1 Rac8 13. Qd2 Qxd2 14. Nxd2 Bxg2 1/2-1/2

[Event "Commonwealth and South African Open"]
[Site "Ekurhuleni RSA"]
[Date "2011.06.24"]
[EventDate "2011.06.25"]
[Round "10.4"]
[Result "1-0"]
[White "Abhijeet Gupta"]
[Black "Dronavalli Harika"]
[WhiteElo "2604"]
[BlackElo "2520"]
[PlyCount "69"]

1. d4 Nf6 2. c4 g6 3. Nc3 d5 4. Bg5 Ne4 5. Bh4 Nxc3 6. bxc3
dxc4 7. e3 Be6 8. Nf3 Nd7 9. Be2 Nb6 10. O-O Bg7 11. Qc2 O-O
12. Rfb1 Qe8 13. Nd2 c5 14. a4 cxd4 15. cxd4 Rc8 16. a5 Nd5
17. Rxb7 Bf5 18. e4 Nf4 19. Nf3 Qc6 20. Rxe7 Bg4 21. Rd1 Nxe2+
22. Qxe2 c3 23. Qc2 Bxf3 24. gxf3 Rb8 25. Rd3 Rbc8 26. Rxa7
Qc4 27. d5 Bh6 28. Be7 Rfe8 29. Bd6 Bf8 30. Bxf8 Rxf8 31. Rb7
Rfd8 32. Rb3 Qa4 33. Rdxc3 Ra8 34. Ra3 Qd4 35. Qa4 1-0